Hỏi-đáp về thuế, lệ phí về đất đai và các văn bản hướng dẫn thi hành

Các câu hỏi và trả lời về chế độ thu tiền sử dụng đất, thuế nhà đất, thuế chuyển quyền sử dụng đất, đất nông nghiệp.

সংরক্ষণ করুন:
গ্রন্থ-পঞ্জীর বিবরন
প্রধান লেখক: Nguyễn, Ngọc Điệp
বিন্যাস: গ্রন্থ
ভাষা:Undetermined
প্রকাশিত: Thành phố Hồ Chí Minh Nhà xuất bản Thành phố Hồ Chí Minh 1999
বিষয়গুলি:
ট্যাগগুলো: ট্যাগ যুক্ত করুন
কোনো ট্যাগ নেই, প্রথমজন হিসাবে ট্যাগ করুন!
Thư viện lưu trữ: Trung tâm Học liệu Trường Đại học Cần Thơ
LEADER 00990nam a2200217Ia 4500
001 CTU_39185
008 210402s9999 xx 000 0 und d
020 |c 34000 
082 |a 343.0542 
082 |b Đ307 
100 |a Nguyễn, Ngọc Điệp 
245 0 |a Hỏi-đáp về thuế, lệ phí về đất đai và các văn bản hướng dẫn thi hành 
245 0 |c Nguyễn Ngọc Điệp 
260 |a Thành phố Hồ Chí Minh 
260 |b Nhà xuất bản Thành phố Hồ Chí Minh 
260 |c 1999 
520 |a Các câu hỏi và trả lời về chế độ thu tiền sử dụng đất, thuế nhà đất, thuế chuyển quyền sử dụng đất, đất nông nghiệp. 
650 |a Finance, public,Land value taxation,Taxation 
650 |z Vietnam,Vietnam,Vietnam 
904 |i Nguyễn Quang Điền, 001102 
980 |a Trung tâm Học liệu Trường Đại học Cần Thơ